<?xml version="1.0" encoding="UTF-8"?>
<record
    xmlns:xsi="http://www.w3.org/2001/XMLSchema-instance"
    xsi:schemaLocation="http://www.loc.gov/MARC21/slim http://www.loc.gov/standards/marcxml/schema/MARC21slim.xsd"
    xmlns="http://www.loc.gov/MARC21/slim">

  <leader>01838ngm a2200373 a 4500</leader>
  <controlfield tag="005">20220317001424.0</controlfield>
  <controlfield tag="008">161108s9999    c      g      000 0 spa  </controlfield>
  <datafield tag="082" ind1="0" ind2="4">
    <subfield code="a">791.430972</subfield>
    <subfield code="b">P24</subfield>
  </datafield>
  <datafield tag="245" ind1=" " ind2=" ">
    <subfield code="a">Las pel&#xED;culas de Jorge Negrete </subfield>
    <subfield code="h">videodisco digital</subfield>
  </datafield>
  <datafield tag="250" ind1=" " ind2=" ">
    <subfield code="a">1a. edici&#xF2;n</subfield>
  </datafield>
  <datafield tag="300" ind1=" " ind2=" ">
    <subfield code="a">6 DVD</subfield>
    <subfield code="b">sonido, blanco y negro, digital</subfield>
    <subfield code="c">12 cm</subfield>
  </datafield>
  <datafield tag="490" ind1=" " ind2=" ">
    <subfield code="a">Cine club pel&#xED;culas para coleccionistas</subfield>
  </datafield>
  <datafield tag="500" ind1=" " ind2=" ">
    <subfield code="a">Resumen: "Jorge Negret: Todav&#xED;a en nuestros d&#xED;as, m&#xE1;s de medio siglo despu&#xE9;s de su muerte, centenares de sus admiradores acuden el 5 de diciembre de cada a&#xF1;o a la tumba de Jorge Negret, a rendirle homenaje en el aniversario d su muerte en 1953. La raz&#xF3;n</subfield>
  </datafield>
  <datafield tag="505" ind1=" " ind2=" ">
    <subfield code="a">DVD 1. Gran casino -- DVD 2. All&#xE1; en el rancho grande. Los tres alegres compadres -- DVD 3. Si Adelita se fuera con otro -- DVD 4. Me he de comer esa tuna -- DVD 5. Ay Jalisco, no te rajes  -- DVD 6. El pe&#xF1;&#xF3;n de las &#xE1;nimas. El jorobado (Enrique de Lagarde</subfield>
  </datafield>
  <datafield tag="600" ind1="1" ind2="4">
    <subfield code="a">Negrete, Jorge</subfield>
    <subfield code="d">1911-1953</subfield>
    <subfield code="9">74191</subfield>
  </datafield>
  <datafield tag="650" ind1="1" ind2="4">
    <subfield code="2">LEMB</subfield>
    <subfield code="a">Pel&#xEC;culas musicales</subfield>
    <subfield code="v">Videodiscos</subfield>
    <subfield code="y">Siglo XX</subfield>
  </datafield>
  <datafield tag="650" ind1="1" ind2="4">
    <subfield code="2">LEMB</subfield>
    <subfield code="a">Musica popular mexicana</subfield>
    <subfield code="v">Videodiscos</subfield>
    <subfield code="y">M&#xE8;xico</subfield>
  </datafield>
  <datafield tag="650" ind1="1" ind2="4">
    <subfield code="2">LEMB</subfield>
    <subfield code="a">Vida social y costumbres</subfield>
    <subfield code="v">Videodiscos</subfield>
    <subfield code="y">Siglo XX</subfield>
  </datafield>
  <datafield tag="650" ind1="1" ind2="4">
    <subfield code="2">LEMB</subfield>
    <subfield code="a">Pel&#xEC;culas cinematogr&#xE0;ficas</subfield>
    <subfield code="v">Videodiscos</subfield>
    <subfield code="x">Colecciones</subfield>
    <subfield code="y">Siglo XX</subfield>
  </datafield>
  <datafield tag="740" ind1="0" ind2="2">
    <subfield code="a">Gran casino</subfield>
  </datafield>
  <datafield tag="740" ind1="0" ind2="2">
    <subfield code="a">All&#xE1; en el rancho grande</subfield>
  </datafield>
  <datafield tag="740" ind1="0" ind2="2">
    <subfield code="a">Los tres alegres compadres</subfield>
  </datafield>
  <datafield tag="740" ind1="0" ind2="2">
    <subfield code="a">Si Adelita se fuera con otro</subfield>
  </datafield>
  <datafield tag="740" ind1="0" ind2="2">
    <subfield code="a">Me he de comer esa tuna</subfield>
  </datafield>
  <datafield tag="740" ind1="0" ind2="2">
    <subfield code="a">Ay Jalisco, no te rajes</subfield>
  </datafield>
  <datafield tag="740" ind1="0" ind2="2">
    <subfield code="a">El pe&#xF1;&#xF3;n de las &#xE1;nimas</subfield>
  </datafield>
  <datafield tag="740" ind1="0" ind2="2">
    <subfield code="a">El jorobado (Enrique de Lagardere)</subfield>
  </datafield>
  <datafield tag="942" ind1=" " ind2=" ">
    <subfield code="2">ddc</subfield>
    <subfield code="c">DVD</subfield>
  </datafield>
  <datafield tag="264" ind1=" " ind2=" ">
    <subfield code="a">Bogot&#xE1;</subfield>
    <subfield code="b">Ejd Movies</subfield>
  </datafield>
  <datafield tag="336" ind1=" " ind2=" ">
    <subfield code="a">texto</subfield>
    <subfield code="b">txt</subfield>
    <subfield code="2">rdacontent</subfield>
  </datafield>
  <datafield tag="337" ind1=" " ind2=" ">
    <subfield code="a">sin mediaci&#xF3;n</subfield>
    <subfield code="b">n</subfield>
    <subfield code="2">rdamedia</subfield>
  </datafield>
  <datafield tag="338" ind1=" " ind2=" ">
    <subfield code="a">volumen</subfield>
    <subfield code="b">nc</subfield>
    <subfield code="2">rdacarrier</subfield>
  </datafield>
  <datafield tag="040" ind1=" " ind2=" ">
    <subfield code="a">CO-BoRNBP</subfield>
    <subfield code="b">spa</subfield>
    <subfield code="e">rda</subfield>
    <subfield code="c">CO-BoRNBP</subfield>
  </datafield>
  <datafield tag="999" ind1=" " ind2=" ">
    <subfield code="c">6928</subfield>
    <subfield code="d">6928</subfield>
  </datafield>
</record>
